El impacto de la entrada de la banca extrangera en los países en desarrollo /

שמור ב:
מידע ביבליוגרפי
מחבר ראשי: Santana Mariscal, Alejandro
פורמט: Texto
נושאים:
תגים: הוספת תג
אין תגיות, היה/י הראשונ/ה לתייג את הרשומה!

MARC

LEADER 00000 a a2200000 04500
001 42466
003
040
100 |a Santana Mariscal, Alejandro  
245 |a El impacto de la entrada de la banca extrangera en los países en desarrollo /  |c Alejandro Santana Mariscal  
650 |a BANCOS EXTRANJEROS  
650 |a PAISES EN DESARROLLO  
650 |a LIBERALIZACION DE MRCADOS FINANCIEROS  
650 |a SISTEMAS BANCARIOS  
650 |a ACTIVOS FIJOS  
773 |g volumen35, número136 ( , 2004), páginas 9-26  
999 |c 27534  |d 27534